Entry Nombre personal
001 - NÚMERO DE CONTROL
- campo de control: 226902
003 - IDENTIFICADOR DE NÚMERO DE CONTROL
- campo de control: SpMaBN
005 - FECHA Y HORA DE LA ÚLTIMA TRANSACCIÓN
- campo de control: 20250826085835.0
008 - ELEMENTOS DE DATO DE LONGITUD-FIJA
- campo de control de longitud fija: 290385nn aijnnaabn a aaa
016 ## - NÚMERO DE CONTROL DE UNA AGENCIA BIBLIOGRÁFICA NACIONAL
- Número de control del registro: BNE19922634533
024 7# - IDENTIFICADOR DE OTROS ESTÁNDARES
- Número estándar o código: http://viaf.org/viaf/38473067/
- Fuente: viaf
024 7# - IDENTIFICADOR DE OTROS ESTÁNDARES
- Número estándar o código: https://isni.org/isni/0000000066365847
- Fuente: isni
024 7# - IDENTIFICADOR DE OTROS ESTÁNDARES
- Número estándar o código: http://www.wikidata.org/entity/Q5405876
- Fuente: wikidata
040 ## - FUENTE DE CATALOGACIÓN
- Centro catalogador/agencia de origen: SpMaBN
- Lengua de catalogación: spa
- Centro/agencia transcriptor: SpMaBN
- Normas de descripción: rdc
- Convención/Normas de encabezamiento de materia/tesauro: embne
046 ## - FECHAS CON CODIFICACIÓN ESPECIAL
- Fecha de nacimiento: 1850
- Fecha de la muerte: 1916
100 1# - ENCABEZAMIENTO-NOMBRE DE PERSONA
- Nombre de persona: Vicenti, Alfredo,
- Fechas asociadas al nombre: 1850-1916
370 ## - LUGAR ASOCIADO
- Lugar de nacimiento: Santiago de Compostela, La Coruña, España
- Fuente de información: (Wikidata)
- Número de control del registro de autoridad o número normalizado: XX451857
374 ## - OCUPACIÓN
- Ocupación: Escritores
- Ocupación: Periodistas
- Fuente de información: Wikidata
375 ## - GÉNERO/SEXO
- Género: Masculino
- Fuente de información: Wikidata
377 ## - IDIOMA ASOCIADO
- Término de lengua/lenguaje: Español
400 1# - TRAZADO DE VÉASE--NOMBRE DE PERSONA
- Nombre de persona: Rey Fernández, Alfredo,
- Fechas asociadas al nombre: 1850-1916
400 1# - TRAZADO DE VÉASE--NOMBRE DE PERSONA
- Nombre de persona: Vicente Rey, Alfredo,
- Fechas asociadas al nombre: 1850-1916
670 ## - FUENTE DE DATOS ENCONTRADOS
- Cita de la fuente: Aldeas, aldeanos y labriegos en la Galicia tradicional, 1986
- Información encontrada: port. (Alfredo Vicenti)
670 ## - FUENTE DE DATOS ENCONTRADOS
- Cita de la fuente: Alfredo Vicenti, "El Maestro" del periodismo español, 2001
- Información encontrada: port. (Alfredo Vicenti) p. 17, etc. (Alfredo Vicente Rey Fernandez; n. 29-11-1850, en Santiago de Compostela -m. 29-9-1916, en Madrid; ingresa en un hospicio por lo que lleva un apellido clásico de los incluseros, Vicente, que él italianiza (Vicenti); periodista y escritor)
